[Event "M.Botvinnik Memorial 2012 Blitz"]
[Site "St. Petersburg"]
[Date "2012.08.24"]
[Round "9.5"]
[White "Lintchevski, Daniil"]
[Black "Matlakov, Maxim"]
[Result "1-0"]
[LiveChessVersion "1.3.1"]
[BlackElo "2663"]
[WhiteElo "2558"]

1. e4 {[%clk 0:03:02]} g6 {[%clk 0:03:03]} 2. d4 {[%clk 0:03:02]} Bg7
{[%clk 0:03:04]} 3. Nf3 {[%clk 0:02:59]} d6 {[%clk 0:03:04]} 4. c3
{[%clk 0:02:58]} Nf6 {[%clk 0:03:01]} 5. Bd3 {[%clk 0:02:59]} O-O
{[%clk 0:03:01]} 6. O-O {[%clk 0:02:58]} c5 {[%clk 0:02:53]} 7. h3
{[%clk 0:02:38]} Qc7 {[%clk 0:02:15]} 8. Bf4 {[%clk 0:02:22]} Qb6
{[%clk 0:01:43]} 9. Na3 {[%clk 0:02:08]} cxd4 {[%clk 0:01:31]} 10. cxd4
{[%clk 0:01:57]} d5 {[%clk 0:01:31]} 11. e5 {[%clk 0:01:29]} Ne4 {[%clk 0:01:31]}
12. Qb3 {[%clk 0:01:21]} Qxb3 {[%clk 0:01:26]} 13. axb3 {[%clk 0:01:22]} Nc6
{[%clk 0:01:26]} 14. Nb5 {[%clk 0:01:16]} Bf5 {[%clk 0:01:05]} 15. Rfc1
{[%clk 0:00:39]} a6 {[%clk 0:01:00]} 16. Nc7 {[%clk 0:00:39]} Rac8
{[%clk 0:00:32]} 17. Nxd5 {[%clk 0:00:37]} Rcd8 {[%clk 0:00:33]} 18. Rxc6
{[%clk 0:00:30]} bxc6 {[%clk 0:00:23]} 19. Nxe7+ {[%clk 0:00:31]} Kh8
{[%clk 0:00:25]} 20. Nxc6 {[%clk 0:00:31]} Rd7 {[%clk 0:00:23]} 21. Rxa6
{[%clk 0:00:28]} Rc8 {[%clk 0:00:10]} 22. Bc4 {[%clk 0:00:25]} h5
{[%clk 0:00:08]} 23. b4 {[%clk 0:00:22]} Rb7 {[%clk 0:00:06]} 24. b5
{[%clk 0:00:22]} Bd7 {[%clk 0:00:05]} 25. d5 {[%clk 0:00:19]} Nc5
{[%clk 0:00:05]} 26. Ra1 {[%clk 0:00:14]} Bf5 {[%clk 0:00:04]} 27. Rd1
{[%clk 0:00:15]} Be4 {[%clk 0:00:04]} 28. Ng5 {[%clk 0:00:16]} Bc2
{[%clk 0:00:03]} 29. Rd2 {[%clk 0:00:16]} Bb3 {[%clk 0:00:04]} 30. Rd4
{[%clk 0:00:12]} Kg8 {[%clk 0:00:00]} 31. d6 {[%clk 0:00:12]} Bxc4
{[%clk 0:00:00]} 32. Rxc4 {[%clk 0:00:12]} 1-0

[Event "M.Botvinnik Memorial 2012 Blitz"]
[Site "St. Petersburg"]
[Date "2012.08.24"]
[Round "9.6"]
[White "Fedoseev, Vladimir"]
[Black "Andriasian, Zaven"]
[Result "0-1"]
[LiveChessVersion "1.3.1"]
[BlackElo "2616"]
[WhiteElo "2506"]

1. d4 {[%clk 0:03:03]} Nf6 {[%clk 0:03:03]} 2. Bg5 {[%clk 0:03:03]} d5
{[%clk 0:03:02]} 3. e3 {[%clk 0:03:03]} Bf5 {[%clk 0:03:00]} 4. c4
{[%clk 0:02:50]} e6 {[%clk 0:03:01]} 5. Nc3 {[%clk 0:02:51]} c6 {[%clk 0:02:59]}
6. g4 {[%clk 0:02:32]} Bg6 {[%clk 0:02:56]} 7. Nf3 {[%clk 0:02:29]} Nbd7
{[%clk 0:02:50]} 8. Ne5 {[%clk 0:02:13]} Be7 {[%clk 0:02:52]} 9. h4
{[%clk 0:01:54]} dxc4 {[%clk 0:01:21]} 10. Bxf6 {[%clk 0:01:35]} gxf6
{[%clk 0:01:10]} 11. Nxd7 {[%clk 0:01:23]} Qxd7 {[%clk 0:01:11]} 12. h5
{[%clk 0:01:24]} Bd3 {[%clk 0:01:12]} 13. Bxd3 {[%clk 0:01:24]} cxd3
{[%clk 0:01:13]} 14. Qxd3 {[%clk 0:01:25]} h6 {[%clk 0:01:14]} 15. O-O-O
{[%clk 0:01:14]} O-O {[%clk 0:01:13]} 16. Kb1 {[%clk 0:01:01]} Rfd8
{[%clk 0:01:09]} 17. Qe4 {[%clk 0:00:57]} Qc7 {[%clk 0:00:58]} 18. f4
{[%clk 0:00:56]} b5 {[%clk 0:00:50]} 19. Rc1 {[%clk 0:00:57]} Qd7
{[%clk 0:00:25]} 20. Rhg1 {[%clk 0:00:38]} Rac8 {[%clk 0:00:23]} 21. Qd3
{[%clk 0:00:21]} c5 {[%clk 0:00:17]} 22. g5 {[%clk 0:00:19]} fxg5
{[%clk 0:00:14]} 23. fxg5 {[%clk 0:00:20]} hxg5 {[%clk 0:00:16]} 24. Ne4
{[%clk 0:00:20]} Qd5 {[%clk 0:00:12]} 25. Nxg5 {[%clk 0:00:10]} Bxg5
{[%clk 0:00:13]} 26. e4 {[%clk 0:00:11]} Qxd4 {[%clk 0:00:14]} 27. Rxg5+
{[%clk 0:00:12]} Kf8 {[%clk 0:00:15]} 28. Qxb5 {[%clk 0:00:11]} Qxe4+
{[%clk 0:00:15]} 29. Ka1 {[%clk 0:00:12]} Qf4 {[%clk 0:00:15]} 30. Rgg1
{[%clk 0:00:12]} Qd4 {[%clk 0:00:15]} 31. h6 {[%clk 0:00:12]} Rb8
{[%clk 0:00:16]} 32. Qe2 {[%clk 0:00:12]} Ke7 {[%clk 0:00:17]} 33. Rgd1
{[%clk 0:00:08]} Qf6 {[%clk 0:00:15]} 34. Rf1 {[%clk 0:00:09]} Qxh6
{[%clk 0:00:15]} 35. Rxc5 {[%clk 0:00:09]} Rd7 {[%clk 0:00:09]} 36. Rcf5
{[%clk 0:00:08]} Ke8 {[%clk 0:00:09]} 37. R5f2 {[%clk 0:00:08]} Qg7
{[%clk 0:00:07]} 38. Qe4 {[%clk 0:00:06]} Qd4 {[%clk 0:00:05]} 39. Qg2
{[%clk 0:00:05]} Qd1+ {[%clk 0:00:06]} 0-1

[Event "M.Botvinnik Memorial 2012 Blitz"]
[Site "St. Petersburg"]
[Date "2012.08.24"]
[Round "9.7"]
[White "Bukavshin, Ivan"]
[Black "Aleksandrov, Aleksej"]
[Result "1-0"]
[LiveChessVersion "1.3.1"]
[BlackElo "2583"]
[WhiteElo "2609"]

1. d4 d5 2. c4 e6 3. Nf3 Nf6 4. Nbd2 b6 5. Qa4+ c6 6. g3 Be7 7. Bg2 O-O 8. O-O a5
9. Ne5 Qc7 10. Qc2 Na6 11. a3 Bb7 12. cxd5 cxd5 13. Qd3 Rac8 14. Ndf3 Nb8 15. Bf4
Qc2 16. Rfc1 Qxd3 17. Nxd3 Ba6 18. Nfe5 Nfd7 19. Bf1 f6 20. Nf3 Bxd3 21. exd3 Nc6
22. Re1 g5 23. Bh3 Nd8 24. Rxe6 Nxe6 25. Bxe6+ Kg7 26. Bxd7 Rcd8 27. Bf5 gxf4 28.
Rc1 fxg3 29. hxg3 Bd6 30. Rc6 b5 31. Nh4 Rfe8 32. Kf1 Bf8 33. Be6 Kh8 34. Nf5 a4
35. Bf7 b4 36. Bxe8 bxa3 37. bxa3 Rxe8 38. Ra6 Bxa3 39. Rxa4 Bb2 40. Ra5 Rd8 41.
Ra6 Rb8 42. Rxf6 Kg8 43. Rd6 Rf8 44. Rxd5 Kf7 45. Rb5 Ba1 46. Kg2 Ke6 47. Re5+
Kf6 48. Ne3 Bxd4 49. Rf5+ Ke7 50. Rxf8 Kxf8 51. Kf3 Kf7 52. Ke4 Ba7 53. d4 Ke6
54. Nc4 Kf6 55. f4 h5 56. Ne5 Ke6 57. Nd3 Bb8 58. d5+ Kf6 59. Ne5 Bd6 60. Nc4 Bb4
61. Kf3 Kf5 62. Nb2 Bc5 63. Nd3 Bb6 64. Nf2 Bc5 65. Ne4 Bb4 66. Nf2 Bc5 67. Nd3
Bd4 68. Nb4 Bb6 69. Nc6 Bc5 70. Ne5 Be7 71. Nc4 Bc5 72. Ne3+ Bd4 1-0

[Event "M.Botvinnik Memorial 2012 Blitz"]
[Site "St. Petersburg"]
[Date "2012.08.24"]
[Round "9.8"]
[White "Khismatullin, Denis"]
[Black "Pridorozhni, Aleksei"]
[Result "1-0"]
[LiveChessVersion "1.3.1"]
[BlackElo "2542"]
[WhiteElo "2607"]

1. d4 a6 2. g3 c6 3. Bg2 d5 4. c4 Nf6 5. Nf3 Bf5 6. Qb3 Ra7 7. Nc3 e6 8. Nh4 Bg4
9. e4 dxe4 10. Be3 b5 11. cxb5 cxb5 12. h3 Bh5 13. d5 Re7 14. g4 Bg6 15. O-O-O
Nxd5 16. Nxd5 exd5 17. Nxg6 hxg6 18. Rxd5 Rd7 19. Bxe4 Be7 20. Rhd1 Rxd5 21. Qxd5
Qxd5 22. Bxd5 O-O 23. Bf4 Rc8+ 24. Kb1 g5 25. Bg3 Bf6 26. a3 a5 27. Bb7 Re8 28.
Rd5 b4 29. axb4 axb4 30. Rb5 Nd7 31. Rxb4 Nc5 32. Bc6 Rc8 33. Bd5 Nd3 34. Rb7
Nxb2 35. Bxf7+ Kh7 36. Rxb2 Bxb2 37. Kxb2 g6 38. Kb3 Rc1 39. Bd5 Kg7 40. Be5+ Kh7
41. Bd4 Kh6 42. Be3 Rd1 43. Kc4 Rf1 44. h4 Kg7 45. hxg5 Kh7 46. Kd4 Ra1 47. Ke5
Ra5 48. f4 Ra6 49. f5 Ra5 50. f6 Ra3 51. Bc5 Ra5 52. f7 Rxc5 53. f8=Q Rxd5+ 54.
Ke6 Re5+ 55. Kd6 Re6+ 56. Kd7 Ra6 57. Qf7+ Kh8 58. Qf6+ 1-0

[Event "M.Botvinnik Memorial 2012 Blitz"]
[Site "St. Petersburg"]
[Date "2012.08.24"]
[Round "9.9"]
[White "Kovalenko, Igor"]
[Black "Levin, Evgeny A."]
[Result "1-0"]
[LiveChessVersion "1.3.1"]
[BlackElo "2512"]
[WhiteElo "2650"]

1. d4 Nf6 2. c4 g6 3. Nc3 Bg7 4. e4 d6 5. f3 O-O 6. Be3 a6 7. Bd3 c5 8. d5 e6 9.
Nge2 exd5 10. cxd5 Nbd7 11. O-O Ne5 12. Bc2 b5 13. a3 Re8 14. Kh1 Rb8 15. b4 Nfd7
16. Bg1 a5 17. Rb1 Nc4 18. Qc1 Nxa3 19. Qxa3 axb4 20. Rxb4 cxb4 21. Qxb4 Ne5 22.
Ra1 Bd7 23. Ra6 Nc4 24. Bd3 Qc8 25. Ra7 Ne5 26. Bb1 Ra8 27. Rxa8 Qxa8 28. Qxd6
Qb8 29. Qb4 Bf8 30. Qb3 b4 31. Na2 Rc8 32. Bd4 Nc4 33. Ba1 Bg7 34. Bxg7 Kxg7 35.
Nxb4 Kg8 36. h4 Nd2 37. Qb2 Nxb1 38. Qd4 Na3 39. h5 gxh5 40. Nd3 Nc4 41. Ndf4 1-0

[Event "M.Botvinnik Memorial 2012 Blitz"]
[Site "St. Petersburg"]
[Date "2012.08.24"]
[Round "9.10"]
[White "Ponkratov, Pavel"]
[Black "Zubritskiy, Artyom"]
[Result "1-0"]
[LiveChessVersion "1.3.1"]
[BlackElo "2320"]
[WhiteElo "2587"]

1. e4 c5 2. Nf3 d6 3. d4 cxd4 4. Nxd4 Nf6 5. f3 e6 6. c4 Be7 7. Nc3 a6 8. Be3 Qc7
9. Qd2 Nbd7 10. Be2 b6 11. a4 Bb7 12. a5 bxa5 13. Nb3 d5 14. exd5 exd5 15. Bf4
Qb6 16. Nxa5 dxc4 17. Nxc4 Qc5 18. Nd6+ Bxd6 19. Bxd6 Qb6 20. Na4 Qa7 21. b4 Rd8
22. Nc5 Nxc5 23. Qe3+ Nfe4 1-0

[Event "M.Botvinnik Memorial 2012 Blitz"]
[Site "St. Petersburg"]
[Date "2012.08.24"]
[Round "9.11"]
[White "Inarkiev, Ernesto"]
[Black "Belozerov, Andrei"]
[Result "0-1"]
[LiveChessVersion "1.3.1"]
[BlackElo "2504"]
[WhiteElo "2683"]

1. Nf3 {[%clk 0:03:03]} Nf6 {[%clk 0:03:02]} 2. g3 {[%clk 0:03:04]} d5
{[%clk 0:03:03]} 3. Bg2 {[%clk 0:03:05]} Bg4 {[%clk 0:03:01]} 4. c4
{[%clk 0:03:02]} c6 {[%clk 0:02:57]} 5. Qb3 {[%clk 0:02:27]} Qb6 {[%clk 0:02:47]}
6. Nc3 {[%clk 0:02:26]} e6 {[%clk 0:02:45]} 7. d4 {[%clk 0:02:11]} Nbd7
{[%clk 0:02:44]} 8. O-O {[%clk 0:02:09]} Be7 {[%clk 0:02:38]} 9. Qa4
{[%clk 0:01:36]} O-O {[%clk 0:02:25]} 10. c5 {[%clk 0:01:36]} Qd8
{[%clk 0:02:20]} 11. b4 {[%clk 0:01:36]} Bxf3 {[%clk 0:02:08]} 12. Bxf3
{[%clk 0:01:35]} e5 {[%clk 0:02:09]} 13. e3 {[%clk 0:01:33]} a6 {[%clk 0:02:08]}
14. Bg2 {[%clk 0:01:29]} Re8 {[%clk 0:02:09]} 15. Qc2 {[%clk 0:01:15]} Bf8
{[%clk 0:02:08]} 16. Rb1 {[%clk 0:01:15]} g6 {[%clk 0:02:06]} 17. Rd1
{[%clk 0:01:15]} Bg7 {[%clk 0:02:01]} 18. dxe5 {[%clk 0:01:05]} Rxe5
{[%clk 0:01:56]} 19. e4 {[%clk 0:00:59]} dxe4 {[%clk 0:01:28]} 20. Bf4
{[%clk 0:01:00]} Re6 {[%clk 0:01:08]} 21. Nxe4 {[%clk 0:00:54]} Nxe4
{[%clk 0:01:08]} 22. Bxe4 {[%clk 0:00:55]} Qe8 {[%clk 0:00:59]} 23. Bg2
{[%clk 0:00:54]} Nf6 {[%clk 0:00:59]} 24. a4 {[%clk 0:00:37]} Rd8
{[%clk 0:00:57]} 25. Rxd8 {[%clk 0:00:33]} Qxd8 {[%clk 0:00:58]} 26. b5
{[%clk 0:00:32]} axb5 {[%clk 0:00:59]} 27. axb5 {[%clk 0:00:33]} Qe8
{[%clk 0:00:27]} 28. Qd1 {[%clk 0:00:16]} Nd7 {[%clk 0:00:13]} 29. bxc6
{[%clk 0:00:04]} bxc6 {[%clk 0:00:15]} 30. Bd6 {[%clk 0:00:05]} Bf8
{[%clk 0:00:10]} 31. Bxc6 {[%clk 0:00:06]} Bxd6 {[%clk 0:00:08]} 32. cxd6
{[%clk 0:00:07]} Qd8 {[%clk 0:00:06]} 33. Bd5 {[%clk 0:00:06]} Re5
{[%clk 0:00:06]} 34. Ba2 {[%clk 0:00:00]} Qf6 {[%clk 0:00:06]} 35. Qb3
{[%clk 0:00:00]} Nc5 {[%clk 0:00:06]} 36. Qb8+ {[%clk 0:00:00]} Kg7
{[%clk 0:00:06]} 37. Rf1 {[%clk 0:00:00]} Re6 {[%clk 0:00:06]} 38. d7 0-1

[Event "M.Botvinnik Memorial 2012 Blitz"]
[Site "St. Petersburg"]
[Date "2012.08.24"]
[Round "9.12"]
[White "Rusanov, Michail"]
[Black "Khairullin, Ildar"]
[Result "1/2-1/2"]
[LiveChessVersion "1.3.1"]
[BlackElo "2633"]
[WhiteElo "2440"]

1. d4 {[%clk 0:03:03]} Nf6 {[%clk 0:03:03]} 2. Bg5 {[%clk 0:03:03]} Ne4
{[%clk 0:03:03]} 3. Bf4 {[%clk 0:03:04]} d5 {[%clk 0:03:03]} 4. e3
{[%clk 0:03:05]} c5 {[%clk 0:03:04]} 5. Bd3 {[%clk 0:03:04]} cxd4
{[%clk 0:03:05]} 6. Bxe4 {[%clk 0:03:00]} dxe4 {[%clk 0:03:06]} 7. exd4
{[%clk 0:03:00]} Nc6 {[%clk 0:03:06]} 8. Ne2 {[%clk 0:03:01]} h6 {[%clk 0:02:34]}
9. Nbc3 {[%clk 0:02:18]} g5 {[%clk 0:02:32]} 10. Be3 {[%clk 0:02:05]} Bg7
{[%clk 0:02:30]} 11. h4 {[%clk 0:01:53]} Bg4 {[%clk 0:02:21]} 12. hxg5
{[%clk 0:01:42]} hxg5 {[%clk 0:02:22]} 13. Rxh8+ {[%clk 0:01:42]} Bxh8
{[%clk 0:02:24]} 14. Qd2 {[%clk 0:01:43]} Bxe2 {[%clk 0:02:06]} 15. Nxe2
{[%clk 0:01:39]} Qd5 {[%clk 0:02:03]} 16. c3 {[%clk 0:01:25]} Bf6
{[%clk 0:02:01]} 17. Qc2 {[%clk 0:01:19]} O-O-O {[%clk 0:01:56]} 18. Ng3
{[%clk 0:01:20]} Rh8 {[%clk 0:01:58]} 19. O-O-O {[%clk 0:01:09]} Qxa2
{[%clk 0:01:51]} 20. Nxe4 {[%clk 0:01:10]} Na5 {[%clk 0:01:48]} 21. Qb1
{[%clk 0:01:02]} Qa4 {[%clk 0:01:38]} 22. Nc5 {[%clk 0:01:01]} Qxd1+
{[%clk 0:00:48]} 23. Kxd1 {[%clk 0:01:00]} Rh1+ {[%clk 0:00:49]} 24. Kc2
{[%clk 0:01:01]} Rxb1 {[%clk 0:00:50]} 25. Kxb1 {[%clk 0:01:02]} g4
{[%clk 0:00:46]} 26. Kc2 {[%clk 0:01:00]} e6 {[%clk 0:00:44]} 27. Ne4
{[%clk 0:00:57]} Be7 {[%clk 0:00:45]} 28. Bg5 {[%clk 0:00:56]} Bf8
{[%clk 0:00:23]} 29. Kd3 {[%clk 0:00:43]} f5 {[%clk 0:00:24]} 30. Nd2
{[%clk 0:00:38]} Kd7 {[%clk 0:00:23]} 31. Bf4 {[%clk 0:00:33]} b5
{[%clk 0:00:23]} 32. f3 {[%clk 0:00:32]} gxf3 {[%clk 0:00:23]} 33. Nxf3
{[%clk 0:00:33]} Nc6 {[%clk 0:00:22]} 34. Ne5+ {[%clk 0:00:33]} Nxe5+
{[%clk 0:00:23]} 35. Bxe5 {[%clk 0:00:34]} a5 {[%clk 0:00:23]} 36. c4
{[%clk 0:00:30]} Kc6 {[%clk 0:00:15]} 37. b3 {[%clk 0:00:31]} Be7
{[%clk 0:00:09]} 38. Bf4 {[%clk 0:00:28]} Bf8 {[%clk 0:00:10]} 39. Bd2
{[%clk 0:00:27]} a4 {[%clk 0:00:10]} 40. cxb5+ {[%clk 0:00:27]} Kxb5
{[%clk 0:00:12]} 41. bxa4+ {[%clk 0:00:29]} Kxa4 42. Kc4 Bd6 {[%clk 0:00:11]} 43.
d5 {[%clk 0:00:31]} exd5+ {[%clk 0:00:10]} 44. Kxd5 {[%clk 0:00:32]} Bc7
{[%clk 0:00:05]} 45. Ke6 {[%clk 0:00:33]} f4 {[%clk 0:00:06]} 46. Kf5
{[%clk 0:00:34]} f3 {[%clk 0:00:06]} 47. gxf3 {[%clk 0:00:35]} Kb5
{[%clk 0:00:08]} 48. Bf4 {[%clk 0:00:36]} Ba5 {[%clk 0:00:08]} 49. Ke4
{[%clk 0:00:36]} Kc6 {[%clk 0:00:09]} 50. Be3 {[%clk 0:00:36]} Bc7
{[%clk 0:00:10]} 51. Bd4 {[%clk 0:00:37]} Kd7 {[%clk 0:00:11]} 52. Be5
{[%clk 0:00:39]} Ba5 {[%clk 0:00:13]} 53. f4 {[%clk 0:00:40]} Ke6
{[%clk 0:00:14]} 54. f5+ {[%clk 0:00:40]} Kf7 1/2-1/2

[Event "M.Botvinnik Memorial 2012 Blitz"]
[Site "St. Petersburg"]
[Date "2012.08.24"]
[Round "10.1"]
[White "Dvoirys, Semen I."]
[Black "Hovhannisyan, Robert"]
[Result "0-1"]
[LiveChessVersion "1.3.1"]
[BlackElo "2587"]
[WhiteElo "2545"]

1. c4 {[%clk 0:03:02]} c6 {[%clk 0:03:02]} 2. Qa4 {[%clk 0:03:02]} Nf6
{[%clk 0:03:01]} 3. Nf3 {[%clk 0:03:02]} g6 {[%clk 0:02:55]} 4. g3
{[%clk 0:03:03]} Bg7 {[%clk 0:02:53]} 5. Bg2 {[%clk 0:03:04]} O-O
{[%clk 0:02:53]} 6. O-O {[%clk 0:03:04]} d6 {[%clk 0:02:52]} 7. d4
{[%clk 0:03:03]} Nbd7 {[%clk 0:02:50]} 8. Nc3 {[%clk 0:02:51]} a6
{[%clk 0:02:42]} 9. Qc2 {[%clk 0:02:49]} b5 {[%clk 0:02:39]} 10. Nd2
{[%clk 0:02:43]} Qb6 {[%clk 0:02:25]} 11. e3 {[%clk 0:02:34]} Bb7
{[%clk 0:02:22]} 12. a4 {[%clk 0:02:35]} Rfc8 {[%clk 0:02:17]} 13. Qb3
{[%clk 0:02:29]} bxc4 {[%clk 0:02:13]} 14. Qxb6 {[%clk 0:02:29]} Nxb6
{[%clk 0:02:14]} 15. a5 {[%clk 0:02:30]} Nbd7 {[%clk 0:02:06]} 16. Nxc4
{[%clk 0:02:30]} Rab8 {[%clk 0:02:06]} 17. Na4 {[%clk 0:02:20]} c5
{[%clk 0:02:04]} 18. Ncb6 {[%clk 0:02:15]} Nxb6 {[%clk 0:01:55]} 19. Nxb6
{[%clk 0:02:16]} Bxg2 {[%clk 0:01:48]} 20. Kxg2 {[%clk 0:02:16]} Rc7
{[%clk 0:01:47]} 21. Rd1 {[%clk 0:02:00]} cxd4 {[%clk 0:01:42]} 22. Rxd4
{[%clk 0:01:54]} Nd7 {[%clk 0:01:08]} 23. Nxd7 {[%clk 0:01:26]} Rxd7
{[%clk 0:01:09]} 24. Rc4 {[%clk 0:01:27]} Bxb2 {[%clk 0:00:40]} 25. Rb1
{[%clk 0:01:21]} Rdb7 {[%clk 0:00:41]} 26. Rxb2 {[%clk 0:01:19]} Rxb2
{[%clk 0:00:42]} 27. Bxb2 {[%clk 0:01:21]} Rxb2 {[%clk 0:00:43]} 28. Rc6
{[%clk 0:01:20]} Ra2 {[%clk 0:00:41]} 29. Rxa6 {[%clk 0:01:23]} f5
{[%clk 0:00:41]} 30. Kf3 {[%clk 0:01:17]} Kf7 {[%clk 0:00:41]} 31. Ra8
{[%clk 0:01:18]} Ra4 {[%clk 0:00:37]} 32. a6 {[%clk 0:01:16]} g5 {[%clk 0:00:37]}
33. h3 {[%clk 0:01:12]} h5 {[%clk 0:00:34]} 34. Rh8 {[%clk 0:01:07]} h4
{[%clk 0:00:15]} 35. gxh4 {[%clk 0:01:06]} gxh4 {[%clk 0:00:17]} 36. Rh7+
{[%clk 0:01:02]} Kf6 {[%clk 0:00:17]} 37. Rxh4 {[%clk 0:01:01]} Rxh4
{[%clk 0:00:16]} 0-1

[Event "M.Botvinnik Memorial 2012 Blitz"]
[Site "St. Petersburg"]
[Date "2012.08.24"]
[Round "10.2"]
[White "Alekseev, Evgeny"]
[Black "Tiviakov, Sergei"]
[Result "1/2-1/2"]
[LiveChessVersion "1.3.1"]
[BlackElo "2674"]
[WhiteElo "2639"]

1. e4 {[%clk 0:03:03]} d5 {[%clk 0:03:04]} 2. exd5 {[%clk 0:03:02]} Qxd5
{[%clk 0:03:04]} 3. Nc3 {[%clk 0:03:00]} Qd6 {[%clk 0:03:06]} 4. d4
{[%clk 0:02:59]} Nf6 {[%clk 0:03:06]} 5. Nf3 {[%clk 0:02:56]} c6 {[%clk 0:03:08]}
6. g3 {[%clk 0:02:45]} Bf5 {[%clk 0:03:08]} 7. Bg2 {[%clk 0:02:44]} e6
{[%clk 0:03:08]} 8. O-O {[%clk 0:02:42]} h6 {[%clk 0:03:09]} 9. Bf4
{[%clk 0:02:34]} Qd8 {[%clk 0:03:09]} 10. Ne5 {[%clk 0:02:23]} Be7
{[%clk 0:02:59]} 11. Qd2 {[%clk 0:02:22]} O-O {[%clk 0:02:21]} 12. Rad1
{[%clk 0:02:19]} Nbd7 {[%clk 0:02:21]} 13. Nc4 {[%clk 0:01:55]} Nd5
{[%clk 0:02:13]} 14. Nxd5 {[%clk 0:01:43]} exd5 {[%clk 0:01:57]} 15. Nd6
{[%clk 0:01:34]} Bxd6 {[%clk 0:01:33]} 16. Bxd6 {[%clk 0:01:35]} Re8
{[%clk 0:01:34]} 17. Ba3 {[%clk 0:01:30]} Nb6 {[%clk 0:01:23]} 18. b3
{[%clk 0:01:28]} Qd7 {[%clk 0:01:24]} 19. Rfe1 {[%clk 0:01:27]} Bh3
{[%clk 0:01:10]} 20. Bh1 {[%clk 0:01:28]} Qf5 {[%clk 0:01:09]} 21. f3
{[%clk 0:01:22]} h5 {[%clk 0:01:09]} 22. Kf2 {[%clk 0:01:20]} Nd7
{[%clk 0:01:04]} 23. Qd3 {[%clk 0:01:06]} Rxe1 {[%clk 0:00:54]} 24. Kxe1
{[%clk 0:00:57]} Qf6 {[%clk 0:00:44]} 25. Kf2 {[%clk 0:00:55]} Re8
{[%clk 0:00:38]} 26. Bc1 {[%clk 0:00:53]} Bf5 {[%clk 0:00:38]} 27. Qd2
{[%clk 0:00:51]} h4 {[%clk 0:00:33]} 28. c3 {[%clk 0:00:45]} hxg3+
{[%clk 0:00:23]} 29. hxg3 {[%clk 0:00:47]} Qg6 {[%clk 0:00:23]} 30. Qg5
{[%clk 0:00:38]} Qh7 {[%clk 0:00:15]} 31. Bg2 {[%clk 0:00:35]} Nf6
{[%clk 0:00:08]} 32. Rh1 {[%clk 0:00:32]} Qg6 {[%clk 0:00:09]} 33. Qxg6
{[%clk 0:00:33]} Bxg6 {[%clk 0:00:10]} 34. Bf4 {[%clk 0:00:30]} Bd3
{[%clk 0:00:10]} 35. Re1 {[%clk 0:00:31]} Rxe1 {[%clk 0:00:11]} 36. Kxe1
{[%clk 0:00:32]} Bb1 {[%clk 0:00:12]} 37. a3 {[%clk 0:00:32]} Bc2
{[%clk 0:00:13]} 38. b4 {[%clk 0:00:33]} Nd7 {[%clk 0:00:12]} 39. Kd2
{[%clk 0:00:33]} Bf5 {[%clk 0:00:12]} 40. a4 {[%clk 0:00:32]} Nb6
{[%clk 0:00:12]} 41. a5 {[%clk 0:00:33]} Nc4+ {[%clk 0:00:13]} 42. Ke2
{[%clk 0:00:34]} b6 {[%clk 0:00:14]} 43. g4 {[%clk 0:00:30]} Be6 {[%clk 0:00:13]}
44. Bc7 {[%clk 0:00:30]} Kf8 {[%clk 0:00:12]} 45. Kf2 {[%clk 0:00:22]} Ke8
{[%clk 0:00:13]} 46. axb6 {[%clk 0:00:18]} axb6 {[%clk 0:00:14]} 47. Bf1
{[%clk 0:00:19]} Kd7 {[%clk 0:00:11]} 48. Bh2 {[%clk 0:00:19]} Nd6
{[%clk 0:00:12]} 49. Ke3 {[%clk 0:00:17]} Nc4+ {[%clk 0:00:11]} 50. Ke2
{[%clk 0:00:17]} Nd6 {[%clk 0:00:12]} 51. Kd1 {[%clk 0:00:15]} Nb5
{[%clk 0:00:13]} 52. Kd2 {[%clk 0:00:16]} Nd6 {[%clk 0:00:14]} 53. Bd3
{[%clk 0:00:17]} Nc4+ {[%clk 0:00:15]} 54. Ke2 {[%clk 0:00:18]} Nd6
{[%clk 0:00:16]} 55. Be5 {[%clk 0:00:16]} g6 {[%clk 0:00:16]} 56. Ke3
{[%clk 0:00:16]} Nb5 {[%clk 0:00:17]} 57. Kd2 {[%clk 0:00:16]} Nd6
{[%clk 0:00:18]} 58. Bf6 {[%clk 0:00:15]} Nc4+ {[%clk 0:00:18]} 59. Ke2
{[%clk 0:00:16]} Nd6 {[%clk 0:00:20]} 60. Bh4 {[%clk 0:00:16]} Nb5
{[%clk 0:00:20]} 61. Be1 {[%clk 0:00:17]} Nd6 {[%clk 0:00:22]} 62. Ke3
{[%clk 0:00:18]} Nc4+ {[%clk 0:00:20]} 63. Kf4 {[%clk 0:00:19]} Ke7
{[%clk 0:00:20]} 64. Bh4+ {[%clk 0:00:18]} Kd7 {[%clk 0:00:20]} 65. Kg5
{[%clk 0:00:14]} Nd6 {[%clk 0:00:21]} 66. Kf6 {[%clk 0:00:14]} Ne8+
{[%clk 0:00:21]} 67. Ke5 {[%clk 0:00:12]} Nd6 {[%clk 0:00:22]} 68. Kf6
{[%clk 0:00:11]} Ne8+ {[%clk 0:00:23]} 69. Kg5 {[%clk 0:00:12]} Nd6
{[%clk 0:00:24]} 70. Kh6 {[%clk 0:00:13]} Nb5 {[%clk 0:00:23]} 71. Be1
{[%clk 0:00:14]} Nd6 {[%clk 0:00:24]} 72. Kg7 {[%clk 0:00:14]} Ne8+
{[%clk 0:00:25]} 73. Kf8 {[%clk 0:00:15]} Nd6 {[%clk 0:00:25]} 74. Bd2
{[%clk 0:00:15]} Nb5 {[%clk 0:00:21]} 75. f4 {[%clk 0:00:13]} Nd6
{[%clk 0:00:22]} 76. Be2 {[%clk 0:00:12]} Ne4 {[%clk 0:00:22]} 77. Be1
{[%clk 0:00:13]} Nf6 {[%clk 0:00:20]} 78. g5 {[%clk 0:00:10]} Ne4
{[%clk 0:00:19]} 79. Bd3 {[%clk 0:00:09]} Nd6 {[%clk 0:00:19]} 80. Be2
{[%clk 0:00:08]} Nf5 {[%clk 0:00:19]} 81. Bd3 {[%clk 0:00:08]} 1/2-1/2